000 00648nam a22001457a 4500
999 _c532025
_d532025
008 251126b ||||| |||| 00| 0 eng d
100 _aSingh, Rajesh O. P. and Mirza, Amna
_958018
245 _a The great conciliator: Lal Bahadur Shastri and the transformation of India
260 _aIndian Journal of Public Administration
300 _a 71(3), Sep, 2025: p.661-663
520 _aSanjeev Chopra, 2025, 371 pp., ₹899, Bloomsbury. ISBN: 978-9-35640-885-2.- Reproduced • https://journals.sagepub.com/doi/full/10.1177/00195561251365294
773 _aIndian Journal of Public Administration
906 _aBOOK REVIEW
942 _cAR